00746nam a2200241Ia 4500001000600000003000900006008004100015040001300056040001300069041001200082100001800094100002900112245002100141245004500162250001100207260001000218260000900228260004900237300005900286500010300345650002500448650003100473G3931IT-RoPAU130308s9999 xx 000 0 und d aIT-RoPAU cIT-RoPAU aINGLESE aButton Graham gCodice Aut. SPICS: 54676 aOn Member'S Time bFormes de la Conversation (Les)-Volume 1 a1a ed. aPARIS bCNET c1990 [1° Ed.:1990 - Ed.Ling.Originale:1990] a"22 p. (prefazione: no ; testo: 22 [pagine: 161-182])" aSul Tempo dei Soci. Formulazioni Temporali. Costruzione di Mutua Disponibilità e Mutuo Rapporto. aSAGGI DI LINGUISTICA eCodice materia Spics: 3207